| Поле | Инд. | ПП | Название | Значение |
|---|---|---|---|---|
| Тип записи | a | |||
| Библиографический уровень | m | |||
| 001 | Контрольный номер | DU/557338820 | ||
| 005 | Дата корректировки | 20250625151558.5 | ||
| 008 | Кодируемые данные | 20170829 | ||
| 041 | a | Код языка текста | rus | |
| 084 | a | Индекс другой классификации/Индекс ББК | 26.2 | |
| 090 | a | Полочн. индекс | 95.45 | |
| 099 | a | Индекс | 42217 | |
| 245 | 10 | a | Заглавие | Геофизический вестник |
| n | Номер части/ раздела | №3/2017 | ||
| b | Продолж. заглавия | информационный журнал Евро-Азиатского географического общества | ||
| c | Ответственность | гл. ред. Л. А. Золотая | ||
| 260 | c | Дата издания | 2017 | |
| b | Издательство | Евро-Азиатское географическое общество | ||
| a | Место издания | Москва | ||
| 300 | a | Объем | 40 с. | |
| 500 | a | Примечание | Журнал | |
| 500 | a | Примечание | Тема номера: XXIII Международная научно-практическая конференция "Новая геофизическая техника и технологии для решения задач нефтегазовых и сервисных компаний" | |
| 505 | a | Форматированное содержание | XXIII Международная научно-практическая конференция "Новая геофизическая техника и технологии для решения задач нефтегазовых и сервисных компаний" | |
| b | Автор | Лаптев В. В. | ||
| 505 | 0_ | a | Форматированное содержание | Власти должны быстро реагировать на изменения рынка нефти |
| b | Автор | Донской С. | ||
| n | Доп. информация | Интервью с министром природных ресурсов и экологии РФ Сергеем Донским | ||
| 505 | 0_ | a | Форматированное содержание | Последствия взаимного влияния планет |
| b | Автор | Данилов В. И. | ||
| 505 | 0_ | a | Форматированное содержание | По материалам зарубежных журналов First Break, Geophysics, Geophysical Prospecting |
| 505 | 0_ | a | Форматированное содержание | Из фотолетописи векового пути |
| b | Автор | Афанасьев Б. М. | ||
| b | Автор | Некос В. В. | ||
| b | Автор | Рычкова С. Г. | ||
| n | Доп. информация | К 100-летию разведочной геофизики Центральной Сибири (1917-2-017) | ||
| 650 | 14 | a | Основная рубрика | геофизика |
| a | Основная рубрика | науки о Земле | ||
| 653 | a | Ключевые слова | волны-убийцы | |
| a | Ключевые слова | геофизическая техника | ||
| a | Ключевые слова | геофизические технологии | ||
| a | Ключевые слова | гравитационное взаимодействие | ||
| a | Ключевые слова | движение материков | ||
| a | Ключевые слова | землетрясения | ||
| a | Ключевые слова | Земля (планета) | ||
| a | Ключевые слова | история геофизики | ||
| a | Ключевые слова | конференции | ||
| a | Ключевые слова | лунно-солнечные приливы | ||
| a | Ключевые слова | магнитные полюсы | ||
| a | Ключевые слова | магнитные поля | ||
| a | Ключевые слова | Меркурий (планета) | ||
| a | Ключевые слова | налогообложение нефтегазодобычи | ||
| a | Ключевые слова | налогообложение нефтедобычи | ||
| a | Ключевые слова | планеты | ||
| a | Ключевые слова | разведочная геофизика | ||
| a | Ключевые слова | рынок нефти | ||
| a | Ключевые слова | скачки времени | ||
| a | Ключевые слова | солнечная активность | ||
| a | Ключевые слова | солнечные затмения | ||
| a | Ключевые слова | Солнце | ||
| a | Ключевые слова | траектория движения | ||
| a | Ключевые слова | Уран (планета) | ||
| a | Ключевые слова | Центральная Сибирь | ||
| a | Ключевые слова | экваториальные течения | ||
| a | Ключевые слова | электрический диполь | ||
| a | Ключевые слова | Юпитер (планета) | ||
| a | Ключевые слова | ядро Земли | ||
| 773 | 08 | w | Контрольный № источника | RU/IS/BASE/388509351 |
| 901 | t | Тип документа | s | |
| 952 | a | Тип литературы для КСУ ВШ | НЖ | |
| 991 | s | 3 |